000 00690nam a2200193Ii 4500
003 JO-AjNU
008 230605s9999||||xx |||||||||||||| ||und||
040 _aJO-AjNU
_bara
_erda
_cJO-AjNU
041 _aara
050 1 4 _aP37.l312 1982
100 3 _aلانسون تأليف/ ماييه م.مشارك/ مندور,محمد مترجم,
_eauthor
_98734
245 0 0 _aمنهج البحث في الادب واللغة
250 _aط2
264 3 1 _aبيروت:دار العلم للملايين ,1982
336 _atext
_btxt
_2rdacontent
337 _aunmediated
_bn
_2rdamedia
338 _avolume
_bnc
_2rdacarrier
650 4 _aاللغة-منهج البحث في الادب واللغة
_98735
999 _aA940
_c4508
_d4508